Propuesta de sistema de control para transformadores en paralelo que minimice la corriente reactiva circulante
Guardado en:
| Hovedforfatter: | |
|---|---|
| Andre forfattere: | |
| Format: | Bog |
| Udgivet: |
[San José], Costa Rica
2014
|
| Fag: | |
| Tags: |
Tilføj Tag
Ingen Tags, Vær først til at tagge denne postø!
|
MARC
| LEADER | 00000nam a22000007a 4500 | ||
|---|---|---|---|
| 003 | 012036 | ||
| 005 | 20230818091346.0 | ||
| 008 | 150219b2014 cr a|||| |||| 00| 0 s d | ||
| 040 | |c cru CEDI | ||
| 100 | |9 183 |a Bolaños de Ford, Renato | ||
| 245 | |a Propuesta de sistema de control para transformadores en paralelo que minimice la corriente reactiva circulante | ||
| 260 | |a [San José], Costa Rica |c 2014 | ||
| 500 | |a Proyecto de graduación (bachillerato en ingeniería eléctrica)-- Universidad de Costa Rica. Facultad de Ingeniería. Escuela de Ingeniería Eléctrica | ||
| 501 | |a Profesor Guía de IE-0499 Proyecto Eléctrico: Dr. José David Rojas Fernández | ||
| 650 | |x POTENCIA REACTIVA (INGENIERIA ELECTRICA) |x CORRIENTE ALTERNA |x CONDENSADORES ELECTRICOS |x ESTABILIDAD DE SISTEMAS DE ENERGIA ELECTRICA |9 184 | ||
| 700 | |a Rojas Fernández, José David, 1984- |d Director de Proyecto Eléctrico |9 701 | ||
| 942 | |c CEDI |h TFG 7202 |6 TFG_7202_000000000000000 | ||
| 999 | |c 13577 |d 13577 | ||
